000 00657nam a2200241Ia 4500
005 20260429112306.0
008 260429s9999||||xx |||||||||||||| ||und||
020 _a9781429219556
041 _aEnglish
082 _a540
_bATK
100 _aAtkins, Peter
245 0 _aChemical principles, the quest for insight /
_cPeter Atkins
250 _a5th ed.
260 _aNew York :
_bW. H. Freeman Company,
_c2010.
300 _axxiii, E12 p.; hb
650 _a Chemical principles
650 _a Chemical theory
650 _a General chemistry
650 _a Physical chemistry
650 _aChemistry
700 _a Jones, Loretta
942 _cTB
999 _c53346
_d53346